List of Governors of British Hong Kong - Statistics

General Stats
  • This quiz has been taken 6 times
  • The average score is 7 of 29
Answer Stats
Term of Office First Name Last Name % Correct
1844~1848 John Davis
75%
1941 Mark Young
75%
1946~1947 Mark Young
75%
1912~1918 Francis May
50%
1992~1997 Chris Patten
50%
1843~1844 Henry Pottinger
50%
1958~1964 Robert Black
25%
1898~1903 Henry Blake
25%
1854~1859 John Bowring
25%
1925~1930 Cecil Clementi
25%
1907~1912 Frederick Lugard
25%
1866~1872 Richard MacDonnell
25%
1971~1982 Murray MacLeHose
25%
1904~1907 Matthew Nathan
25%
1859~1865 Hercules Robinson
25%
1891~1898 William Robinson
25%
1987~1992 David Wilson
25%
1982~1986 Edward Youde
25%
1848~1854 George Bonham
0%
1883~1885 George Bowen
0%
1935~1937 Andrew Caldecott
0%
1887~1891 William Des Vœux
0%
1947~1957 Alexander Grantham
0%
1877~1882 John Hennessy
0%
1872~1877 Arthur Kennedy
0%
1937~1941 Geoffrey Northcote
0%
1930~1935 William Peel
0%
1919~1925 Reginald Stubbs
0%
1964~1971 David Trench
0%
No matching quizzes found
Score Distribution
Percent of People with Each Score
Percentile by Number Answered
Your Score History
You have not taken this quiz